| 000 | 00359nam a2200133Ia 4500 | ||
|---|---|---|---|
| 008 | 220217s9999||||xx |||||||||||||| ||und|| | ||
| 020 | _a9780070646143 | ||
| 082 | _a620.1 NEL | ||
| 100 | _aNelson, A | ||
| 245 | 0 | _aEngineering mechanics | |
| 260 |
_aTata mcgraw hill company Ltd. _bNew Delhi _c2010 |
||
| 300 |
_aXVII, 679p. _b610 |
||
| 650 | _aMECHANICS | ||
| 999 |
_c185326 _d185326 |
||